000 nam a22 7a 4500
999 _c17119
_d17119
008 161122b xxu||||| |||| 00| 0 eng d
020 _a9780538972550
020 _a0538972556
050 _aHF5635
_b.G55 2006
100 _aGilbertson,Claudia Bienias
245 _aSouth-Western century 21 accounting :
_bgeneral journal/
_cClaudia Bienias Gilbertson; Mark W Lehman and Kenton E Ross
250 _a8th ed.
260 _aAustralia :
_bThomson/South-Western,
_cc2006
300 _a718p. :
_bill. ;
_c29cm
_e1 CD-ROM (4 3/4 in.)
500 _aIncludes appendix and index.
650 _a Accounting
_x Study and teaching (Secondary)
650 _a Accounting
_x Textbooks.
650 _a Accounting.
700 _aLehman,Mark W.
700 _aRoss,Kenton E.
942 _2lcc
_cBOOKS
_hHF5635 .G55 2006